书目信息 |
| 题名: |
思想政治
|
|
| 作者: | 张一兵 总主编 ;孙蚌珠 , 陈友芳 , 刘媛 册主编 | |
| 分册: | 必修2 | |
| 出版信息: | 北京 人民教育出版社 2021 |
|
| 页数: | 61页 | |
| 开本: | 30cm | |
| 丛书名: | ||
| 单 册: | ||
| 中图分类: | G634.201 | |
| 科图分类: | ||
| 主题词: | 政治课--Zheng Zhi Ke--教材 | |
| 电子资源: | ||
| ISBN: | 978-7-107-36024-4 | |
| 000 | 00893nam0 2200277 450 | |
| 001 | 526311 | |
| 005 | 20241125170245.15 | |
| 010 | @a978-7-107-36024-4@dCNY5.40 | |
| 100 | @a20241025e20212021em y0chiy50 ea | |
| 101 | 0 | @achi |
| 102 | @aCN@b110000 | |
| 105 | @aa z 000yy | |
| 106 | @ar | |
| 200 | 1 | @a思想政治@ASi Xiang Zheng Zhi@i必修2@i经济与社会@f教育部组织编写 |
| 205 | @a第3版 | |
| 210 | @a北京@c人民教育出版社@d2021@h2024重印 | |
| 215 | @a61页@c彩图@d30cm | |
| 300 | @a普通高中教科书 | |
| 606 | 0 | @a政治课@AZheng Zhi Ke@j教材 |
| 690 | @aG634.201@v5 | |
| 701 | 0 | @a张一兵@AZhang Yi Bing@f(1956.3~)@4总主编 |
| 702 | 0 | @c(满)@a孙蚌珠@ASun Bang Zhu@c(1963~)@4册主编 |
| 702 | 0 | @a陈友芳@AChen You Fang@f(1969~)@4册主编 |
| 702 | 0 | @a刘媛@ALiu Yuan@4编写 |
| 801 | 0 | @aCN@bAHXH@c20241025 |
| 905 | @b214154181@b214154172@b214154163@b214154154@b214154145@dG634.201@e2832:2=3@f5 | |
| 思想政治.必修2.经济与社会/教育部组织编写.-第3版.-北京:人民教育出版社,2021(2024重印) |
| 61页:彩图;30cm |
| 普通高中教科书 |
| ISBN 978-7-107-36024-4:CNY5.40 |
| ● |
| 相关链接 |
|
|
|
|
正题名:思想政治
索取号:G634.201/2832:2=3
 
预约/预借
| 序号 | 登录号 | 条形码 | 馆藏地/架位号 | 状态 | 备注 |
| 1 | 1415414 | 214154145 | 第四借阅区/ [索取号:G634.201/2832:2=3] | 在馆 | |
| 2 | 1415415 | 214154154 | 第四借阅区/ [索取号:G634.201/2832:2=3] | 在馆 | |
| 3 | 1415416 | 214154163 | 第四借阅区/ [索取号:G634.201/2832:2=3] | 在馆 | |
| 4 | 1415417 | 214154172 | 第四借阅区/ [索取号:G634.201/2832:2=3] | 在馆 | |
| 5 | 1415418 | 214154181 | 第四借阅区/ [索取号:G634.201/2832:2=3] | 在馆 |